Statistiken für Alle Gegner der DFB-Nationalelf 2018

Klicken Sie hier um das Quiz zu spielen!

Allgemein

  • Dieses Quiz wurde 40 mal gespielt
  • Das Durchschnittsergebnis liegt bei 7 aus 11

Antwortstatistiken

Antwort% Korrekt
Schweden
92%
Frankreich
87%
Mexiko
82%
Südkorea
79%
Niederlande
74%
Spanien
74%
Österreich
66%
Brasilien
47%
Russland
47%
Saudi-Arabien
34%
Peru
32%

Verteilung der Resultate

Perzentil nach korrekt beantworteten Fragen

Anzahl Personen mit jedem Resultat

Ihre Resultats-Entwicklung

Sie haben dieses Quiz noch nicht gespielt